| 000 | 00443nam a22001577a 4500 | ||
|---|---|---|---|
| 003 | OSt | ||
| 005 | 20160224110026.0 | ||
| 008 | 160224s2015 sp ||||| |||| 00| 0 spa d | ||
| 020 | _a9788497437028 | ||
| 040 |
_bcat _cCPCLleida |
||
| 100 | 1 |
_93702 _aRuiz, Carlos _d1960- |
|
| 245 | 1 | 3 |
_aLa digitalización del otro _b: Los retos de la democracia en la era del ciberespacio |
| 260 |
_aLleida _bMilenio _c2015 |
||
| 300 |
_a148 p. _c22 cm |
||
| 942 | _cMON | ||
| 999 |
_c6913 _d6913 |
||